000
00260nam a22001217a 4500
003
SGT
082
_a
157.9
_b
D14D
100
_a
DENICOLO, PAM
245
_a
DEVELOPING TRANSFERABLE SKILLS
260
_a
ANGELES
_b
SAGE
_c
2014
300
_a
164
942
_2
ddc
_c
BK
999
_c
15043
_d
15043